Acuicultura marina: fundamentos biológicos y tecnología de la producción
Guardat en:
| Autor principal: | |
|---|---|
| Format: | Llibre |
| Idioma: | espanyol |
| Publicat: |
Barcelona
Universitat de Barcelona
1993
|
| Col·lecció: | Colección Ciencies Experimentals i Matemàtiques, 4
|
| Matèries: | |
| Etiquetes: |
Afegir etiqueta
Sense etiquetes, Sigues el primer a etiquetar aquest registre!
|
MARC
| LEADER | 00000nam a2200000 a 4500 | ||
|---|---|---|---|
| 001 | UCP2072 | ||
| 003 | CL-VaPUC | ||
| 008 | 990507e19930000SP |||||||||||||||||spa|d | ||
| 082 | 0 | 4 | |a 639.311 |b CAS |2 21 |
| 100 | 0 | |a Castelló Orvay, F |e author |9 428519 | |
| 245 | 1 | 0 | |a Acuicultura marina: fundamentos biológicos y tecnología de la producción |
| 300 | |a 739 p | ||
| 942 | |c BK | ||
| 945 | |d 19990507 00:00:00 |a rbrito | ||
| 260 | |a Barcelona |b Universitat de Barcelona |c 1993 | ||
| 650 | 0 | |a Acuicultura marina |9 261222 | |
| 650 | 0 | |a Historia |9 255047 | |
| 650 | 0 | |a Biología marina |9 259965 | |
| 650 | 7 | |a FISIOLOGIA |2 CL-VaPUC |9 428520 | |
| 650 | 0 | |a Nutrición |9 259434 | |
| 650 | 0 | |a Biotecnología |9 259561 | |
| 650 | 0 | |a Patología |9 335879 | |
| 650 | 0 | |a Hidrología |9 261396 | |
| 583 | |a last modification |c 19990507 00:00:00 |k Rodrigo Vera | ||
| 490 | 0 | |a Colección Ciencies Experimentals i Matemàtiques, 4 | |
| 999 | |c 280672 |d 280670 | ||
| 952 | |0 0 |1 0 |4 0 |6 639_311000000000000_CAS_1993 |7 0 |8 CCM |9 321123 |a BIBCUR |b BIBCUR |d 2019-11-20 |i 3510514 |o 639.311 CAS 1993 |p 3510514 |r 2025-04-22 |w 2019-11-20 |y BK_R |k CIM | ||